000
00252nam a22001097a 4500
082
_a
808 SHA'H
100
_a
SHAKESPEARES
_9
57760
245
_a
HISTORICAL PLAYS POEMS AND SONNETS
260
_a
NEWYORK
_b
J. M. DENT
_c
1919
300
_a
885P
942
_c
BK
999
_c
568020
_d
568020